000 00632nam a2200169Ia 4500
008 230917s9999||||xx |||||||||||||| ||und||
020 _cRS400
040 _e227499
_aMAIN
041 _aEnglish
082 _a891.431721 VA215K:NN
100 _aनवल, नदकिशोर
245 0 _aखुल गया है द्वार एकः अशोक वाजपेयी की कविताओं से एक चयन
260 _aनई दिल्ली
_bराजकमल प्रकाशन
_c2014
300 _a207 पृ. p.
500 _a2080 13/08/2015 RKP15/3933 22/08/2015 Main Budget
942 _cBK
999 _c15527
_d15527